000 00311nam a2200133Ia 4500
008 190216s9999||||xx |||||||||||||| ||und||
100 _aPaul Loomba M
245 0 _aLinear Programming
250 _aFIRST
260 _bTata Mcgrawhill Publishers
_c1994
300 _a284
650 _aMathematics
942 _cBK
999 _c30970
_d30970